000
00247nam a2200109Ia 4500
008
220204s9999 xx 000 0 und d
082
_a
82-3
_b
MAR
100
_a
Marathe, H M
245
0
_a
Dark waters
260
_a
Bangalore
_b
IBH
_c
1979
942
_c
BK
999
_c
33584
_d
33584